| 000 | 00610nam a22001697a 4500 | ||
|---|---|---|---|
| 020 | _qHard Cover. | ||
| 082 | _a621.3 | ||
| 100 | _aMuhammad Bilal, Rana | ||
| 245 |
_aIntegrated Selection, Partitioning. and Placement Framework for Partial Dynamically Reconfigurable Architectures / _cRana Muhammad Bilal. |
||
| 260 |
_aIslamabad: _bSEECS - NUST, _c2013. |
||
| 300 |
_a45 p. : ill. ; _c30cm. |
||
| 650 |
_aMs Thesis _918721 |
||
| 700 |
_aDr. Rehan Hafiz. _919620 |
||
| 856 | _uhttp://10.250.8.41:8080/xmlui/handle/123456789/8890 | ||
| 942 |
_2ddc _cTHE |
||
| 999 |
_c528079 _d528079 |
||